[Event "Mitropa Cup 31st"]
[Site "Sibenik"]
[Date "2012.06.01"]
[Round "2"]
[White "Saric, Ante"]
[Black "Borisek, Jure"]
[Result "1/2-1/2"]
[WhiteElo "2513"]
[BlackElo "2539"]
[PlyCount "61"]
[EventDate "2012.05.31"]
[EventType "team-tourn"]
[EventRounds "9"]
[EventCountry "CRO"]
[Source "ChessBase"]
[SourceDate "2012.06.22"]
[WhiteTeam "Croatia"]
[BlackTeam "Slovenia"]
[WhiteTeamCountry "CRO"]
[BlackTeamCountry "SLO"]

1. d4 Nf6 2. c4 g6 3. Nc3 d5 4. Bf4 Bg7 5. e3 c5 6. dxc5 Qa5 7. Rc1 dxc4 8.
Bxc4 O-O 9. Nf3 Qxc5 10. Bb3 Qa5 11. O-O Nc6 12. h3 Bf5 13. Qe2 Ne4 14. g4 Nxc3
15. bxc3 Bd7 16. Rfd1 Rad8 17. Rd5 Qa3 18. Rcd1 Be6 19. Rxd8 Nxd8 20. Qb5 Bxc3
21. Bh6 Bg7 22. Bxg7 Kxg7 23. Qe5+ Kg8 24. Qc7 Bxb3 25. axb3 Nc6 26. Qxb7 Qc5
27. Qc7 Qc2 28. Rd7 a5 29. Kg2 a4 30. bxa4 Qxa4 31. Nd4 1/2-1/2

[Event "Mitropa Cup 31st"]
[Site "Sibenik"]
[Date "2012.06.01"]
[Round "2"]
[White "Sebenik, Matej"]
[Black "Kuljasevic, Davorin"]
[Result "1/2-1/2"]
[WhiteElo "2573"]
[BlackElo "2574"]
[PlyCount "102"]
[EventDate "2012.05.31"]
[EventType "team-tourn"]
[EventRounds "9"]
[EventCountry "CRO"]
[Source "ChessBase"]
[SourceDate "2012.06.22"]
[WhiteTeam "Slovenia"]
[BlackTeam "Croatia"]
[WhiteTeamCountry "SLO"]
[BlackTeamCountry "CRO"]

1. c4 e6 2. Nc3 Nf6 3. e4 d5 4. e5 d4 5. exf6 dxc3 6. bxc3 Qxf6 7. Nf3 c5 8. d4
cxd4 9. Bg5 Qf5 10. cxd4 Bb4+ 11. Bd2 Nc6 12. Bxb4 Nxb4 13. Rb1 Qa5 14. Qd2 Nc6
15. Bd3 Rb8 16. Qxa5 Nxa5 17. Kd2 Bd7 18. Ne5 Nc6 19. Nxd7 Kxd7 20. Ke3 Kc7 21.
Be4 Rhd8 22. Rhd1 Rd7 23. d5 exd5 24. cxd5 Na5 25. Rbc1+ Kd6 26. Rc6+ Ke7 27.
d6+ Rxd6 28. Rc7+ Kd8 29. Rdc1 Rd7 30. Rxd7+ Kxd7 31. Bf5+ Kd6 32. Kf4 g6 33.
Rd1+ Ke7 34. Rd5 Nc4 35. Rd7+ Ke8 36. Rc7 Nd6 37. Bh3 Kf8 38. Ke5 Ne8 39. Rd7
a6 40. g3 b5 41. Bg2 Rb6 42. Bd5 Rf6 43. f4 Rf5+ 44. Kd4 b4 45. Bb3 Ng7 46. Ke4
h5 47. Ra7 a5 48. Ra8+ Ke7 49. Ra7+ Kf8 50. Ra8+ Ke7 51. Ra7+ Kf8 1/2-1/2

[Event "Mitropa Cup 31st"]
[Site "Sibenik"]
[Date "2012.06.01"]
[Round "2"]
[White "Bluebaum, Matthias"]
[Black "Plat, Vojtech"]
[Result "1/2-1/2"]
[WhiteElo "2428"]
[BlackElo "2485"]
[PlyCount "61"]
[EventDate "2012.05.31"]
[EventType "team-tourn"]
[EventRounds "9"]
[EventCountry "CRO"]
[Source "ChessBase"]
[SourceDate "2012.06.22"]
[WhiteTeam "Germany"]
[BlackTeam "Czech Republic"]
[WhiteTeamCountry "GER"]
[BlackTeamCountry "CZE"]

1. d4 d6 2. Nf3 Nf6 3. c4 Nbd7 4. Nc3 e5 5. Bg5 Be7 6. e3 c6 7. Qc2 Qc7 8. Be2
O-O 9. O-O Re8 10. Rfd1 Nf8 11. c5 exd4 12. cxd6 Bxd6 13. Rxd4 Ng4 14. h3 Ne5
15. Rad1 Nxf3+ 16. Bxf3 Be5 17. Bf4 Bxf4 18. Rxf4 Qe7 19. Rfd4 Be6 20. Na4 Rad8
21. Nc5 Rxd4 22. Rxd4 b6 23. Nxe6 Nxe6 24. Rd1 c5 25. Qa4 Rd8 26. Rxd8+ Nxd8
27. Qf4 g6 28. Bd5 Kg7 29. Qb8 Qd7 30. e4 Nc6 31. Bxc6 1/2-1/2

[Event "Mitropa Cup 31st"]
[Site "Sibenik"]
[Date "2012.06.01"]
[Round "2"]
[White "Cvek, Robert"]
[Black "Huschenbeth, Niclas"]
[Result "1/2-1/2"]
[WhiteElo "2563"]
[BlackElo "2521"]
[PlyCount "71"]
[EventDate "2012.05.31"]
[EventType "team-tourn"]
[EventRounds "9"]
[EventCountry "CRO"]
[Source "ChessBase"]
[SourceDate "2012.06.22"]
[WhiteTeam "Czech Republic"]
[BlackTeam "Germany"]
[WhiteTeamCountry "CZE"]
[BlackTeamCountry "GER"]

1. Nf3 Nf6 2. c4 e6 3. Nc3 Bb4 4. Qc2 O-O 5. a3 Bxc3 6. Qxc3 d6 7. e3 e5 8. Be2
e4 9. Nd4 c5 10. Nc2 Bg4 11. f3 exf3 12. gxf3 Bf5 13. e4 Bg6 14. d4 Nh5 15. Be3
f5 16. exf5 Bxf5 17. O-O-O Qe7 18. dxc5 dxc5 19. Rd5 Nc6 20. Bd3 Bxd3 21. Qxd3
Rad8 22. Qe4 Qxe4 23. fxe4 Nf6 24. Bxc5 Rfe8 25. Rxd8 Rxd8 26. Nb4 Nxb4 27.
Bxb4 Rd4 28. b3 Rxe4 29. Re1 Kf7 30. Kc2 Rxe1 31. Bxe1 Ke6 32. Kd3 g5 33. b4 h5
34. Bd2 Ng4 35. Bxg5 Nxh2 36. Be3 1/2-1/2

[Event "Mitropa Cup 31st"]
[Site "Sibenik"]
[Date "2012.06.01"]
[Round "2"]
[White "Simacek, Pavel"]
[Black "Wagner, Dennis"]
[Result "1-0"]
[WhiteElo "2460"]
[BlackElo "2424"]
[PlyCount "119"]
[EventDate "2012.05.31"]
[EventType "team-tourn"]
[EventRounds "9"]
[EventCountry "CRO"]
[Source "ChessBase"]
[SourceDate "2012.06.22"]
[WhiteTeam "Czech Republic"]
[BlackTeam "Germany"]
[WhiteTeamCountry "CZE"]
[BlackTeamCountry "GER"]

1. b3 e5 2. Bb2 Nc6 3. e3 Nf6 4. Bb5 Bd6 5. d3 Ne7 6. d4 e4 7. Be2 c6 8. c4 Bc7
9. d5 cxd5 10. Nd2 Ba5 11. a3 Bxd2+ 12. Qxd2 dxc4 13. bxc4 O-O 14. Nh3 d5 15.
Nf4 dxc4 16. Qxd8 Rxd8 17. Bxc4 Ng6 18. Ne2 Bd7 19. O-O Rac8 20. Rfc1 Ba4 21.
Ng3 Bc6 22. Nf5 Rc7 23. Bd4 Ra8 24. Bb5 a6 25. Bxc6 Rxc6 26. Rxc6 bxc6 27. Rc1
Rc8 28. Nd6 Rb8 29. h3 Ne7 30. Rc5 h5 31. Bxf6 gxf6 32. Nxe4 Kg7 33. Rxh5 Rb6
34. h4 Nd5 35. Ng3 Kg6 36. e4 Nf4 37. Rf5 Nd3 38. Nh5 c5 39. Kf1 c4 40. Ke2
Rb2+ 41. Ke3 Nxf2 42. Rxf2 Rb3+ 43. Kd4 Kxh5 44. Rxf6 Rxa3 45. Kxc4 Rg3 46.
Rxf7 Rxg2 47. e5 a5 48. Kd5 a4 49. Ra7 Ra2 50. e6 Kg6 51. h5+ Kf6 52. Rf7+ Kg5
53. Rf3 a3 54. Rd3 Ra1 55. Kd6 a2 56. Rd2 Kf6 57. Rf2+ Kg7 58. Ke7 Kg8 59. h6
Kh7 60. Kf7 1-0

[Event "Mitropa Cup 31st"]
[Site "Sibenik"]
[Date "2012.06.01"]
[Round "2"]
[White "Zelbel, Patrick"]
[Black "Biolek, Richard"]
[Result "1/2-1/2"]
[WhiteElo "2377"]
[BlackElo "2412"]
[PlyCount "71"]
[EventDate "2012.05.31"]
[EventType "team-tourn"]
[EventRounds "9"]
[EventCountry "CRO"]
[Source "ChessBase"]
[SourceDate "2012.06.22"]
[WhiteTeam "Germany"]
[BlackTeam "Czech Republic"]
[WhiteTeamCountry "GER"]
[BlackTeamCountry "CZE"]

1. e4 Nc6 2. d4 e5 3. dxe5 Nxe5 4. Nf3 Nxf3+ 5. Qxf3 Qf6 6. Qg3 Bd6 7. f4 Bb4+
8. c3 Bc5 9. Nd2 Ne7 10. e5 Qg6 11. Bd3 Qxg3+ 12. hxg3 d5 13. exd6 Bxd6 14. Ne4
Bf5 15. Nxd6+ cxd6 16. Bb5+ Bd7 17. Be2 Bc6 18. Kf2 O-O 19. Be3 Nf5 20. Bd3 Nh6
21. Rh4 f5 22. Bc4+ d5 23. Be2 Nf7 24. Rah1 h6 25. Bd3 Nd6 26. Bc5 Rf6 27. Bxd6
Rxd6 28. Rd1 Rad8 29. Bxf5 d4 30. Rxd4 Rxd4 31. cxd4 Rxd4 32. Ke3 Rb4 33. b3
Bxg2 34. Rh2 Bc6 35. Rd2 Kf7 36. Rd6 1/2-1/2

[Event "Mitropa Cup 31st"]
[Site "Sibenik"]
[Date "2012.06.01"]
[Round "2"]
[White "Aguettaz, Maxime"]
[Black "Rosenthal, Jonathan"]
[Result "1/2-1/2"]
[WhiteElo "2443"]
[BlackElo "2325"]
[PlyCount "69"]
[EventDate "2012.05.31"]
[EventType "team-tourn"]
[EventRounds "9"]
[EventCountry "CRO"]
[Source "ChessBase"]
[SourceDate "2012.06.22"]
[WhiteTeam "France"]
[BlackTeam "Switzerland"]
[WhiteTeamCountry "FRA"]
[BlackTeamCountry "SUI"]

1. d4 Nf6 2. Nf3 d5 3. c4 e6 4. Nc3 c6 5. Bg5 dxc4 6. e4 b5 7. e5 h6 8. Bh4 g5
9. Nxg5 hxg5 10. Bxg5 Nbd7 11. exf6 Bb7 12. g3 Qb6 13. Bg2 c5 14. d5 O-O-O 15.
O-O b4 16. Na4 Qb5 17. a3 Ne5 18. Qe2 Nd3 19. dxe6 Bxg2 20. e7 Qd7 21. exd8=Q+
Kxd8 22. Rfe1 Bc6 23. axb4 Qd5 24. f3 Qxg5 25. b5 Bxb5 26. Qe4 Nxe1 27. Qa8+
Kd7 28. Rxe1 Bxa4 29. Qxa7+ Kd6 30. Qxa4 Qh5 31. Qa6+ Kc7 32. Qa7+ Kc6 33. Qa8+
Kc7 34. Qa7+ Kc6 35. Qa6+ 1/2-1/2

[Event "Mitropa Cup 31st"]
[Site "Sibenik"]
[Date "2012.06.01"]
[Round "2"]
[White "Botta, Gabriele"]
[Black "Libiszewski, Fabien"]
[Result "1/2-1/2"]
[WhiteElo "2365"]
[BlackElo "2495"]
[PlyCount "30"]
[EventDate "2012.05.31"]
[EventType "team-tourn"]
[EventRounds "9"]
[EventCountry "CRO"]
[Source "ChessBase"]
[SourceDate "2012.06.22"]
[WhiteTeam "Switzerland"]
[BlackTeam "France"]
[WhiteTeamCountry "SUI"]
[BlackTeamCountry "FRA"]

1. e4 c5 2. Nf3 Nc6 3. c3 d5 4. exd5 Qxd5 5. d4 Bf5 6. Be3 cxd4 7. Nxd4 Nf6 8.
Nxf5 Qxf5 9. Bd3 Qd5 10. O-O O-O-O 11. Be2 Qxd1 12. Rxd1 Rxd1+ 13. Bxd1 e6 14.
Bf3 Nd5 15. Bxd5 exd5 1/2-1/2

[Event "Mitropa Cup 31st"]
[Site "Sibenik"]
[Date "2012.06.01"]
[Round "2"]
[White "Housieaux, David"]
[Black "Zueger, Beat"]
[Result "1-0"]
[WhiteElo "2452"]
[BlackElo "2413"]
[PlyCount "51"]
[EventDate "2012.05.31"]
[EventType "team-tourn"]
[EventRounds "9"]
[EventCountry "CRO"]
[Source "ChessBase"]
[SourceDate "2012.06.22"]
[WhiteTeam "France"]
[BlackTeam "Switzerland"]
[WhiteTeamCountry "FRA"]
[BlackTeamCountry "SUI"]

1. c4 e5 2. g3 c6 3. d4 exd4 4. Qxd4 d5 5. Nf3 Nf6 6. Bg2 Be6 7. Ng5 Nbd7 8.
O-O Bc5 9. Qh4 O-O 10. Nc3 h6 11. Nxe6 fxe6 12. cxd5 exd5 13. b4 Be7 14. Bb2
Ne5 15. Rad1 Nfg4 16. Qh3 Bxb4 17. Rd4 Qa5 18. Nd1 Nf6 19. Rxb4 Qxb4 20. Bxe5
Rae8 21. f4 Qd2 22. Bf3 Qxa2 23. Ne3 Qa3 24. Nf5 Rd8 25. g4 Ne8 26. Bxd5+ 1-0

[Event "Mitropa Cup 31st"]
[Site "Sibenik"]
[Date "2012.06.01"]
[Round "2"]
[White "Lombard, Andre"]
[Black "Dubessay, Bastien"]
[Result "0-1"]
[WhiteElo "2353"]
[BlackElo "2384"]
[PlyCount "90"]
[EventDate "2012.05.31"]
[EventType "team-tourn"]
[EventRounds "9"]
[EventCountry "CRO"]
[Source "ChessBase"]
[SourceDate "2012.06.22"]
[WhiteTeam "Switzerland"]
[BlackTeam "France"]
[WhiteTeamCountry "SUI"]
[BlackTeamCountry "FRA"]

1. d4 Nf6 2. c4 g6 3. Nc3 Bg7 4. e4 d6 5. Be2 O-O 6. Bg5 a6 7. Nf3 Bg4 8. O-O
Nfd7 9. d5 Nc5 10. Nd2 Bxe2 11. Qxe2 Nbd7 12. Rac1 h6 13. Be3 a5 14. Rc2 c6 15.
Nf3 Qc7 16. Bd4 e5 17. dxe6 fxe6 18. Bxg7 Kxg7 19. e5 Nxe5 20. Nxe5 dxe5 21.
Re1 Rf5 22. Rd2 Raf8 23. Ne4 Nxe4 24. Qxe4 h5 25. c5 Rd8 26. Rxd8 Qxd8 27. Qc2
Qd4 28. Kf1 h4 29. Re2 h3 30. gxh3 Qf4 31. Ke1 Qxh2 32. Qc3 Qf4 33. Kd1 a4 34.
Rd2 Kh6 35. Qd3 e4 36. Qd6 Qf3+ 37. Kc2 Rd5 38. Qe7 Rxd2+ 39. Kxd2 Qxf2+ 40.
Kc3 e3 41. h4 Qd2+ 42. Kc4 Qd5+ 43. Kb4 e2 44. Qf8+ Kh5 45. Qh8+ Kg4 0-1

[Event "Mitropa Cup 31st"]
[Site "Sibenik"]
[Date "2012.06.01"]
[Round "2"]
[White "Brunello, Sabino"]
[Black "Erdos, Viktor"]
[Result "1/2-1/2"]
[WhiteElo "2592"]
[BlackElo "2624"]
[PlyCount "39"]
[EventDate "2012.05.31"]
[EventType "team-tourn"]
[EventRounds "9"]
[EventCountry "CRO"]
[Source "ChessBase"]
[SourceDate "2012.06.22"]
[WhiteTeam "Italy"]
[BlackTeam "Hungary"]
[WhiteTeamCountry "ITA"]
[BlackTeamCountry "HUN"]

1. d4 Nf6 2. c4 g6 3. Nc3 d5 4. Bg5 Bg7 5. Bxf6 Bxf6 6. cxd5 c6 7. Rc1 O-O 8.
dxc6 Qxd4 9. Qxd4 Bxd4 10. cxb7 Bxb7 11. e3 Bf6 12. Nf3 Nd7 13. Be2 Rab8 14.
Na4 Nb6 15. Nxb6 axb6 16. b3 Ra8 17. a4 Bd5 18. Bc4 Rfc8 19. Ke2 Bxc4+ 20. Rxc4
1/2-1/2

[Event "Mitropa Cup 31st"]
[Site "Sibenik"]
[Date "2012.06.01"]
[Round "2"]
[White "Papp, Gabor"]
[Black "Shytaj, Luca"]
[Result "1/2-1/2"]
[WhiteElo "2552"]
[BlackElo "2496"]
[PlyCount "76"]
[EventDate "2012.05.31"]
[EventType "team-tourn"]
[EventRounds "9"]
[EventCountry "CRO"]
[Source "ChessBase"]
[SourceDate "2012.06.22"]
[WhiteTeam "Hungary"]
[BlackTeam "Italy"]
[WhiteTeamCountry "HUN"]
[BlackTeamCountry "ITA"]

1. e4 c5 2. Nf3 d6 3. d4 cxd4 4. Nxd4 Nf6 5. Nc3 a6 6. h3 g6 7. g4 Bg7 8. Be3
Nc6 9. Qd2 Bd7 10. O-O-O Rc8 11. Kb1 b5 12. g5 Nh5 13. Be2 Ne5 14. b3 e6 15.
Bxh5 gxh5 16. Nce2 h4 17. f4 Nc6 18. Nf3 O-O 19. e5 Ne7 20. Qxd6 Nf5 21. Qxd7
Nxe3 22. Qxd8 Rfxd8 23. Rxd8+ Rxd8 24. Nxh4 Rd2 25. Re1 Bf8 26. Nd4 Rxd4 27.
Rxe3 Rxf4 28. Nf3 Bc5 29. Rd3 Kg7 30. Kc1 Kg6 31. Kd2 Kf5 32. Ke2 Re4+ 33. Kf1
Kf4 34. Nd2 Re3 35. Rd7 Rxe5 36. Rxf7+ Rf5 37. Rxf5+ exf5 38. Kg2 Kxg5 1/2-1/2

[Event "Mitropa Cup 31st"]
[Site "Sibenik"]
[Date "2012.06.02"]
[Round "3"]
[White "Neubauer, Martin"]
[Black "Botta, Gabriele"]
[Result "1-0"]
[WhiteElo "2415"]
[BlackElo "2365"]
[PlyCount "117"]
[EventDate "2012.05.31"]
[EventType "team-tourn"]
[EventRounds "9"]
[EventCountry "CRO"]
[Source "ChessBase"]
[SourceDate "2012.06.22"]
[WhiteTeam "Austria"]
[BlackTeam "Switzerland"]
[WhiteTeamCountry "AUT"]
[BlackTeamCountry "SUI"]

1. Nf3 Nf6 2. c4 c6 3. d4 d5 4. e3 Bf5 5. Nc3 e6 6. Nh4 Bg6 7. Nxg6 hxg6 8. Bd3
Nbd7 9. Bd2 Be7 10. Rc1 Qb8 11. h3 a6 12. O-O g5 13. cxd5 cxd5 14. f4 gxf4 15.
exf4 g6 16. Qf3 Kf8 17. g4 b5 18. Ne2 Qb7 19. Ba5 Bd6 20. Rc2 Ke7 21. Rfc1 Rac8
22. Rxc8 Rxc8 23. Rxc8 Qxc8 24. Bd2 Qc6 25. Ng3 Qb6 26. Qe3 Kd8 27. Kg2 Qc6 28.
g5 Ne8 29. h4 Ng7 30. Kh3 Nb6 31. b3 Kc8 32. Kg4 Qd7 33. Kf3 Qc6 34. Qe1 Kb7
35. h5 gxh5 36. Qh1 Ba3 37. Nxh5 Ne8 38. Ng3 Bb2 39. Qh7 Qc7 40. Ne2 Ba3 41. f5
exf5 42. Qxf5 Ng7 43. Qe5 Qxe5 44. dxe5 Nd7 45. Bc3 Be7 46. g6 fxg6 47. Nf4 Kc6
48. e6 Nf6 49. Nxg6 Kd6 50. Bb4+ Kxe6 51. Bxe7 Ne4 52. Bb4 Kf5 53. Ne7+ Ke5 54.
Nc6+ Kf5 55. Nb8 Ne6 56. Nxa6 Ke5 57. Bxe4 dxe4+ 58. Ke3 Kf5 59. Bd6 1-0

[Event "Mitropa Cup 31st"]
[Site "Sibenik"]
[Date "2012.06.02"]
[Round "3"]
[White "Rosenthal, Jonathan"]
[Black "Diermair, Andreas"]
[Result "1-0"]
[WhiteElo "2325"]
[BlackElo "2414"]
[PlyCount "115"]
[EventDate "2012.05.31"]
[EventType "team-tourn"]
[EventRounds "9"]
[EventCountry "CRO"]
[Source "ChessBase"]
[SourceDate "2012.06.22"]
[WhiteTeam "Switzerland"]
[BlackTeam "Austria"]
[WhiteTeamCountry "SUI"]
[BlackTeamCountry "AUT"]

1. d4 d5 2. c4 c6 3. Nf3 Nf6 4. Nc3 e6 5. Bg5 h6 6. Bh4 dxc4 7. e4 g5 8. Bg3 b5
9. Ne5 h5 10. h3 Bb7 11. Qf3 Nbd7 12. Rd1 Nxe5 13. Bxe5 Rh6 14. Be2 Nd7 15. Bg3
a6 16. a4 Qb6 17. O-O g4 18. hxg4 hxg4 19. Qxg4 O-O-O 20. Bf4 Rh7 21. Be3 Nf6
22. Qf3 Be7 23. g3 b4 24. Nb1 c5 25. dxc5 Qc7 26. Qf4 e5 27. Rxd8+ Bxd8 28.
Qf5+ Kb8 29. f4 Rh1+ 30. Kxh1 Bxe4+ 31. Qxe4 Nxe4 32. Kg2 Nxc5 33. fxe5 Nxa4
34. Bf4 Qc6+ 35. Bf3 Qe6 36. Rh1 Ka7 37. Rh8 Qd7 38. Be3+ Nb6 39. Nd2 a5 40.
Nxc4 Ka6 41. Nxb6 Bxb6 42. Rh6 Kb5 43. Rxb6+ Kc4 44. Rd6 Qe7 45. Bf4 Kb3 46.
Rd2 Ka2 47. Bd5+ b3 48. Kf3 a4 49. Ke4 Qa7 50. Be3 Qc7 51. Rf2 a3 52. Bd4 f5+
53. exf6 Qxg3 54. bxa3+ Kxa3 55. f7 Qg4+ 56. Ke5 Qg5+ 57. Ke6 Qh6+ 58. Kd7 1-0

[Event "Mitropa Cup 31st"]
[Site "Sibenik"]
[Date "2012.06.02"]
[Round "3"]
[White "Doric, Darko"]
[Black "Zelbel, Patrick"]
[Result "1/2-1/2"]
[WhiteElo "2513"]
[BlackElo "2377"]
[PlyCount "55"]
[EventDate "2012.05.31"]
[EventType "team-tourn"]
[EventRounds "9"]
[EventCountry "CRO"]
[Source "ChessBase"]
[SourceDate "2012.06.22"]
[WhiteTeam "Croatia"]
[BlackTeam "Germany"]
[WhiteTeamCountry "CRO"]
[BlackTeamCountry "GER"]

1. d4 g6 2. c4 Nf6 3. Nc3 Bg7 4. e4 d6 5. f3 O-O 6. Be3 Nc6 7. Qd2 a6 8. Nge2
Rb8 9. Rc1 Bd7 10. Nd1 b5 11. c5 e6 12. Nf2 b4 13. g3 Ne7 14. Bg2 Bb5 15. O-O
Nd7 16. Rfd1 dxc5 17. dxc5 Ne5 18. Qc2 Qc8 19. b3 N5c6 20. f4 a5 21. g4 Qa6 22.
Bf3 Rfd8 23. Rxd8+ Rxd8 24. Rd1 e5 25. Rxd8+ Nxd8 26. f5 Nec6 27. Qd2 Bf8 28.
Nc1 1/2-1/2

[Event "Mitropa Cup 31st"]
[Site "Sibenik"]
[Date "2012.06.02"]
[Round "3"]
[White "Huschenbeth, Niclas"]
[Black "Bosiocic, Marin"]
[Result "1/2-1/2"]
[WhiteElo "2521"]
[BlackElo "2555"]
[PlyCount "99"]
[EventDate "2012.05.31"]
[EventType "team-tourn"]
[EventRounds "9"]
[EventCountry "CRO"]
[Source "ChessBase"]
[SourceDate "2012.06.22"]
[WhiteTeam "Germany"]
[BlackTeam "Croatia"]
[WhiteTeamCountry "GER"]
[BlackTeamCountry "CRO"]

1. e4 c5 2. Nf3 e6 3. d4 cxd4 4. Nxd4 a6 5. Bd3 Bc5 6. Nb3 Be7 7. Qg4 g6 8. Qe2
d6 9. O-O Nd7 10. Nc3 Qc7 11. a4 b6 12. Bf4 Ngf6 13. Bh6 Bb7 14. Rad1 Bf8 15.
Qd2 Bxh6 16. Qxh6 Ng4 17. Qh4 h5 18. h3 Nge5 19. Be2 Rg8 20. f4 g5 21. fxg5
O-O-O 22. Qf4 h4 23. Qxh4 Rg7 24. Qf4 Rdg8 25. h4 f6 26. Qd2 fxg5 27. h5 g4 28.
Qxd6 Qxd6 29. Rxd6 Re7 30. Kf2 Kc7 31. Rdd1 Nf6 32. Ke3 Nxh5 33. Bd3 Rg6 34.
Ne2 g3 35. Nf4 Ng4+ 36. Kd2 Nxf4 37. Rxf4 e5 38. Rf3 Nf2 39. Re1 Rg4 40. Rfe3
a5 41. Nc1 Rd7 42. Kc3 Rd4 43. b3 Nxe4+ 44. Bxe4 Rdxe4 45. Rxe4 Bxe4 46. Re3
Bxg2 47. Ne2 Be4 48. Nxg3 Bg6 49. Nf1 Rg1 50. Rg3 1/2-1/2

[Event "Mitropa Cup 31st"]
[Site "Sibenik"]
[Date "2012.06.02"]
[Round "3"]
[White "Wagner, Dennis"]
[Black "Saric, Ante"]
[Result "1/2-1/2"]
[WhiteElo "2424"]
[BlackElo "2513"]
[PlyCount "102"]
[EventDate "2012.05.31"]
[EventType "team-tourn"]
[EventRounds "9"]
[EventCountry "CRO"]
[Source "ChessBase"]
[SourceDate "2012.06.22"]
[WhiteTeam "Germany"]
[BlackTeam "Croatia"]
[WhiteTeamCountry "GER"]
[BlackTeamCountry "CRO"]

1. d4 Nf6 2. c4 e6 3. Nf3 d5 4. g3 dxc4 5. Bg2 Bb4+ 6. Bd2 a5 7. Qc2 Bxd2+ 8.
Qxd2 c6 9. a4 Ne4 10. Qc2 Nd6 11. Nbd2 Na6 12. Nxc4 Nb4 13. Nxd6+ Qxd6 14. Qc3
O-O 15. O-O b6 16. Ne5 Ba6 17. Nc4 Bxc4 18. Qxc4 Rac8 19. Rfd1 Rfd8 20. e4 Qe7
21. Rac1 g6 22. h4 h5 23. Kh2 Kg7 24. b3 Rb8 25. f4 Rd6 26. Rd2 Rbd8 27. Rcd1
R6d7 28. Qc3 Kh7 29. Bf3 Qf6 30. Qe3 Qe7 31. Qf2 Rd6 32. Kg2 Kg7 33. Qe3 c5 34.
Qc3 cxd4 35. Rxd4 e5 36. Rxd6 Rxd6 37. Rxd6 Qxd6 38. fxe5 Qd3 39. Qxd3 Nxd3 40.
Be2 Nxe5 41. Kf2 Kf6 42. Ke3 Ke6 43. Bb5 Kd6 44. Kd4 Nf3+ 45. Ke3 Ne5 46. Kd4
f6 47. Be8 Ke7 48. Bb5 Ke6 49. Be8 Kd6 50. Bb5 Ke6 51. Be8 Kd6 1/2-1/2

[Event "Mitropa Cup 31st"]
[Site "Sibenik"]
[Date "2012.06.02"]
[Round "3"]
[White "Biolek, Richard"]
[Black "Fodor, Tamas Jr"]
[Result "1/2-1/2"]
[WhiteElo "2412"]
[BlackElo "2502"]
[PlyCount "47"]
[EventDate "2012.05.31"]
[EventType "team-tourn"]
[EventRounds "9"]
[EventCountry "CRO"]
[Source "ChessBase"]
[SourceDate "2012.06.22"]
[WhiteTeam "Czech Republic"]
[BlackTeam "Hungary"]
[WhiteTeamCountry "CZE"]
[BlackTeamCountry "HUN"]

1. d4 d5 2. c4 dxc4 3. e3 e5 4. Bxc4 exd4 5. exd4 Bd6 6. Nf3 Nf6 7. O-O O-O 8.
h3 h6 9. Nc3 Nc6 10. Qc2 Nb4 11. Qb1 c6 12. Re1 Nbd5 13. Qd3 Be6 14. a3 Re8 15.
Bd2 Nc7 16. Ne5 Bxe5 17. Rxe5 Bxc4 18. Qxc4 Ncd5 19. Rae1 Qd7 20. Nxd5 Nxd5 21.
Qb3 Kf8 22. Bb4+ Kg8 23. Bd2 Kf8 24. Bb4+ 1/2-1/2

[Event "Mitropa Cup 31st"]
[Site "Sibenik"]
[Date "2012.06.02"]
[Round "3"]
[White "Plat, Vojtech"]
[Black "Rapport, Richard"]
[Result "1/2-1/2"]
[WhiteElo "2485"]
[BlackElo "2577"]
[PlyCount "93"]
[EventDate "2012.05.31"]
[EventType "team-tourn"]
[EventRounds "9"]
[EventCountry "CRO"]
[Source "ChessBase"]
[SourceDate "2012.06.22"]
[WhiteTeam "Czech Republic"]
[BlackTeam "Hungary"]
[WhiteTeamCountry "CZE"]
[BlackTeamCountry "HUN"]

1. e4 e6 2. d4 d5 3. exd5 exd5 4. Bd3 Bd6 5. Ne2 Nc6 6. c3 Qh4 7. Qd2 h6 8. Nf4
Nge7 9. g3 Qf6 10. Qe2 O-O 11. O-O Bf5 12. Bxf5 Qxf5 13. Qd3 Bxf4 14. Qxf5 Nxf5
15. Bxf4 g5 16. Bd2 Nd6 17. Na3 Kg7 18. f3 Kg6 19. b3 a5 20. Nc2 a4 21. Ne3 Ne7
22. Rfe1 Rfe8 23. Ng4 Nc6 24. Ne3 Ne7 25. Ng4 Kg7 26. h4 f6 27. hxg5 hxg5 28.
Kf2 Nef5 29. Rxe8 Nxe8 30. Re1 Kf7 31. Ne3 Nxe3 32. Kxe3 axb3 33. axb3 Ra2 34.
Rb1 Ng7 35. g4 Ne6 36. Kd3 b5 37. Be3 c6 38. Rh1 Kg7 39. Re1 Kf7 40. Rh1 Nf8
41. Rf1 Ng6 42. f4 gxf4 43. Bxf4 Ke7 44. Bd2 Ke6 45. Re1+ Kf7 46. Rf1 Ke6 47.
Re1+ 1/2-1/2

[Event "Mitropa Cup 31st"]
[Site "Sibenik"]
[Date "2012.06.02"]
[Round "3"]
[White "Borisek, Jure"]
[Black "Aguettaz, Maxime"]
[Result "1-0"]
[WhiteElo "2539"]
[BlackElo "2443"]
[PlyCount "67"]
[EventDate "2012.05.31"]
[EventType "team-tourn"]
[EventRounds "9"]
[EventCountry "CRO"]
[Source "ChessBase"]
[SourceDate "2012.06.22"]
[WhiteTeam "Slovenia"]
[BlackTeam "France"]
[WhiteTeamCountry "SLO"]
[BlackTeamCountry "FRA"]

1. e4 c5 2. Nf3 d6 3. d4 cxd4 4. Nxd4 Nf6 5. Nc3 g6 6. Be3 Bg7 7. f3 a6 8. Qd2
Nbd7 9. O-O-O b5 10. Bh6 Bxh6 11. Qxh6 Bb7 12. h4 Rc8 13. Kb1 Rxc3 14. bxc3 Qc7
15. Qd2 Bxe4 16. c4 bxc4 17. fxe4 Nxe4 18. Qe1 d5 19. Ka1 O-O 20. Rb1 Ndc5 21.
Rh3 Rb8 22. Rxb8+ Qxb8 23. c3 e5 24. Nc6 Qd6 25. Nb4 a5 26. Nc2 Na4 27. Qb1
Nexc3 28. Qb7 e4 29. h5 Qe5 30. Qc8+ Kg7 31. h6+ Kf6 32. Qh8+ Ke6 33. Nd4+ Kd6
34. Qb8+ 1-0

[Event "Mitropa Cup 31st"]
[Site "Sibenik"]
[Date "2012.06.02"]
[Round "3"]
[White "Dubessay, Bastien"]
[Black "Skoberne, Jure"]
[Result "0-1"]
[WhiteElo "2384"]
[BlackElo "2535"]
[PlyCount "56"]
[EventDate "2012.05.31"]
[EventType "team-tourn"]
[EventRounds "9"]
[EventCountry "CRO"]
[Source "ChessBase"]
[SourceDate "2012.06.22"]
[WhiteTeam "France"]
[BlackTeam "Slovenia"]
[WhiteTeamCountry "FRA"]
[BlackTeamCountry "SLO"]

1. d4 Nf6 2. c4 g6 3. Nc3 Bg7 4. e4 d6 5. f3 O-O 6. Bg5 a6 7. Qd2 Nbd7 8. Nh3
c5 9. d5 b5 10. cxb5 Qa5 11. Nf2 Nb6 12. Nfd1 axb5 13. Nxb5 Bd7 14. Nc7 Qxd2+
15. Bxd2 Rab8 16. Ba6 Na4 17. Rb1 Ne8 18. Nxe8 Rfxe8 19. b3 e6 20. Bd3 Nb6 21.
dxe6 Bxe6 22. Bf4 Ra8 23. Bxd6 Rxa2 24. Bxc5 Nd7 25. Bb5 Rxg2 26. Nf2 Nxc5 27.
Bxe8 Bd4 28. Ng4 Bxg4 0-1